| 000 | 004290000a22001810004500 | ||
|---|---|---|---|
| 003 | MACL | ||
| 005 | 20150902164509.0 | ||
| 008 | 150902b xxu||||| |||| 00| 0 eng d | ||
| 040 |
_aMACL _cMACL |
||
| 041 | _aEnglish | ||
| 082 | _a800/RED | ||
| 100 |
_aReddy, J Bapu _98774 |
||
| 245 | _aFeeling Truly | ||
| 260 |
_bJubilee Publications _c2007 _aHyderabad |
||
| 350 | _a120 | ||
| 650 |
_aLiterature _98775 |
||
| 942 |
_cBK _k800 _2ddc |
||
| 999 |
_c8648 _d8648 |
||